| 000 | 00899aab a2200193 i 4500 | ||
|---|---|---|---|
| 001 | 768714001 | ||
| 003 | CO-MdFUSB | ||
| 005 | 20240422130929.0 | ||
| 008 | 221103s1997 arg||||| |||| 00| 0 spa d | ||
| 040 |
_bspa _cCO-MdFUSB _dCO-MdFUSB |
||
| 041 | _aspa | ||
| 100 | 1 |
_aPoowell, David R. _eautor |
|
| 245 | 1 | 0 |
_aBiografía : _bB. Foster Stockwell _c/ David R. Poowell |
| 300 |
_aVolumen 16, número 1 (enero - marzo, 1997), páginas: 23 - 24 _c; 27 cm |
||
| 520 | _aSi bien Stockwell descendía de varias generaciones de metodistas con arraigada vocación misionera, llegó a las playas sudamericanas como obrero de la Iglesia Presbiteriana, aunque luego pasó a figurar como obrero de la Iglesia Metodista Unida. | ||
| 650 | 0 |
_91238 _aBiografías cristianas |
|
| 773 | 0 |
_tIglesia y Misión _049402 _959638 _gVolumen 16, número 1 (enero - marzo, 1997), páginas: 23 - 24 _qPáginas: 23 |
|
| 942 | _cANA | ||
| 999 |
_c52233 _d52233 |
||